Statistics for 1980's Movie Songs

Click here to take the quiz!

General Stats

  • This quiz has been taken 100 times
  • The average score is 9 of 18

Answer Stats

MovieSong TitleArtist% Correct
Back to the FutureThe Power of LoveHuey Lewis and the News
90%
Purple RainWhen Doves CryPrince
90%
Rocky IIIEye of the TigerSurvivor
83%
Top GunDanger ZoneKenny Loggins
77%
The Breakfast ClubDon't You Forget About MeSimple Minds
77%
GhostbustersGhostbustersRay Parker, Jr.
73%
Less Than ZeroHazy Shade of WinterThe Bangles
54%
Dirty Dancing(I've Had) The Time of My LifeBill Medley and Jennifer Warnes
52%
St. Elmo's FireSt. Elmo's Fire (Man in Motion)John Parr
52%
LabyrinthMagic DanceDavid Bowie
43%
The GooniesThe Goonies R Good EnoughCyndi Lauper
37%
FlashdanceManiacMichael Sembello
36%
Dirty DancingHungry EyesEric Carmen
35%
Do the Right ThingFight the PowerPublic Enemy
31%
Pretty in PinkIf You LeaveOrchestral Manoeuvres in the Dark
24%
Ferris Bueller's Day OffOh YeahYello
24%
The Legend of Billie JeanInvinciblePat Benatar
22%
The Karate KidYou're the BestJoe Esposito
7%

Score Distribution

Percentile by Number Answered

Percent of People with Each Score

Your Score History

You have not taken this quiz